Temperate forests

Bibliographic Details
Main Author: Wilkins, Sally
Corporate Author: Title
Format: Book
Published: Minnesota : Bridgestone Books , 2001
Series:Ecosystems
Subjects:

MARC

LEADER 00000cam a2200000 7i4500
001 0000005869
005 20151222.0
008 070810
020 |a 0736808361 
090 0 0 |a JF   |b NH ENG (5855) 
100 1 |a Wilkins, Sally 
245 1 0 |a Temperate forests   |c Sally Wilkins 
260 |a Minnesota :   |b Bridgestone Books ,   |c 2001 
440 0 |a Ecosystems 
500 |a Children ages 7-9 years old (orange) 
650 0 |a Junior fiction   |x English   |x Languages 
650 0 |a Natural history 
710 0 |a Title 
999 |a 0000947034   |b Book   |c Children Collection   |e Cawangan Bandar Penawar 
999 |a 0000981843   |b Book   |c Children Collection   |e Cawangan Sri Merlong 
999 |a 0000981844   |b Book   |c Children Collection   |e Perbadanan Perpustakaan Awam Johor 
999 |a 0000981845   |b Book   |c Children Collection   |e Perbadanan Perpustakaan Awam Johor 
999 |a 0001134947   |b Book   |c Adult Collection   |e Cawangan Muar